000 00671cam a22002413a 4500
001 26931
003 PGUSA
005 20140828083600.0
008 081016s2008||||xxu|||||s|||||000 1 eng d
040 _aPGUSA
_beng
042 _adc
050 4 _aPL
100 1 _aHanshangmengren,
_d19th cent.
245 1 0 _a風月夢
_h[electronic resource] /
_cHanshangmengren
260 _bProject Gutenberg,
_c2008
506 _aPublic domain in the USA.
516 _aElectronic text
653 _aChinese fiction -- Qing dynasty, 1644-1912
740 0 _aFeng Yue Meng
830 0 _aProject Gutenberg
_v26931
856 4 0 _uhttp://www.gutenberg.org/ebooks/26931
942 _cEB
999 _c256186
_d256186